| 000 | 00644nam a2200205 u 4500 | ||
|---|---|---|---|
| 005 | 20240314063645.0 | ||
| 008 | 121120s2011 mx r 000 0 spa d | ||
| 020 | _a9686842772 | ||
| 035 | _aUPN01000188748 | ||
| 049 | _aI | ||
| 050 | 4 |
_aPZ7 _bB6.5 |
|
| 100 | 1 |
_aBortniker, Larry _932938 |
|
| 245 | 1 | 0 |
_aMaxidoro : _bel niño que no se dormía / _cLarry Bortniker ; il. Santiago Cohen ; tr. Julio Trujillo. |
| 260 |
_aMéxico : _bTrilce, _c2011. |
||
| 300 |
_a[31] p. : _bil. |
||
| 650 | 4 |
_aCuentos infantiles estadounidenses _910762 |
|
| 650 | 4 |
_aLibros y lectura para niños _92290 |
|
| 700 | 1 |
_aCohen, santiago, _eil. |
|
| 905 | _aInfantil | ||
| 999 |
_c160851 _d160851 |
||